Taihoku Teikoku Daigaku Rinō Gakubu kiyō. Memoirs of the Faculty of Science and Agriculture, Taihoku Imperial University. Phytotechny. Shokusangaku =

Bibliographic Details
Corporate Author: Taihoku Teikoku Daigaku. Rinō Gakubu
Format: Serial
Language:English
Language Notes:In English.
Published: Formosa, Japan : Taihoku Imperial University.
Series:Taihoku Teikoku Daigaku Rinō Gakubu kiyō ; v. 4.
Taihoku Teikoku Daigaku Rinō Gakubu kiyō ; v. 17, no. 1-2.
Taihoku Teikoku Daigaku Rinō Gakubu kiyō ; v. 27, no. 1.
Subjects:

MARC

Tag First Indicator Second Indicator Subfields
LEADER 00000cas a2200000 a 4500
001 in00002784074
005 20150922145315.0
008 840814d193219uuch x 0 a0eng d
010 |a  00225686  
019 |a 15704452 
029 1 |a AU@  |b 000021632557 
035 |a (OCoLC)ocm11051235 
040 |a VXG  |c VXG  |d OCL  |d CRL  |d TXA  |d UtOrBLW 
042 |a lcd 
049 |a TXAM 
090 |a Q77  |b .T33 
245 0 0 |a Taihoku Teikoku Daigaku Rinō Gakubu kiyō.  |p Shokusangaku =  |b Memoirs of the Faculty of Science and Agriculture, Taihoku Imperial University. Phytotechny. 
246 3 |a Tʻai-pei ti kuo ta hsüeh li nung hsüeh pu chi yao.  |p Chih chʻan hsüeh 
246 3 0 |a Phytotechny 
246 3 0 |a Shokusangaku 
246 3 0 |a Chih chʻan hsüeh 
246 3 1 |a Memoirs of the Faculty of Science and Agriculture, Taihoku Imperial University.  |p Phytotechny 
246 3 1 |a Memoirs of the Faculty of Science and Agriculture, Taihoku Imperial University. Phytotechny. 
264 1 |a Formosa, Japan :  |b Taihoku Imperial University. 
300 |a volumes :  |b illustrations ;  |c 27 cm. 
310 |a Irregular 
336 |a text  |b txt  |2 rdacontent 
337 |a unmediated  |b n  |2 rdamedia 
338 |a volume  |b nc  |2 rdacarrier 
362 1 |a Began with no. 1 in 1932. 
490 1 |a Taihoku Teikoku Daigaku Rinō Gakubu kiyō =  |a Memoirs of the Faculty of Science and Agriculture, Taihoku Imperial University 
500 |a Description based on: Dai 2-gō, published in 1935; title from cover. 
546 |a In English. 
650 0 |a Botany  |v Periodicals. 
710 2 |a Taihoku Teikoku Daigaku.  |b Rinō Gakubu. 
830 0 |a Taihoku Teikoku Daigaku Rinō Gakubu kiyō ;  |v v. 4. 
830 0 |a Taihoku Teikoku Daigaku Rinō Gakubu kiyō ;  |v v. 17, no. 1-2. 
830 0 |a Taihoku Teikoku Daigaku Rinō Gakubu kiyō ;  |v v. 27, no. 1. 
850 |a ICRL 
936 |a Dai 4-gō, published in 1939 LIC 
994 |a C0  |b TXA 
949 |a updated  |b h  |c 2012/11/21  |e coplinger  |f #:33:55 pm 
999 |a MARS 
999 f f |s 72509369-3608-37e9-9e66-23c49cfe3a8a  |i 905bc4ac-6bc5-35ec-ba03-466541226b10  |t 0 
952 f f |p ric  |a Texas A&M University  |b Rellis Campus  |c Joint Library Facility  |d Remote Storage  |t 0  |e Q77 .T33  |h Library of Congress classification  |i unmediated -- volume  |k no.1  |l 1932:May  |m A14837920636 
952 f f |p ric  |a Texas A&M University  |b Rellis Campus  |c Joint Library Facility  |d Remote Storage  |t 0  |e Q77 .T33  |h Library of Congress classification  |i unmediated -- volume  |k no.2-3[i.e.4]  |l 1935:Sept.-1939:Dec.  |m A14837920602 
998 f f |a Q77 .T33  |s no.1-3[i.e. 4] (1932:May-1939:Dec.) <no. 4 was incorrectly number by the publisher as no. 3>  |t 0  |l Remote Storage